[Event "Torun op"]
[Site "Torun"]
[Date "2002.??.??"]
[Round "3"]
[White "Skobiej, Adrian"]
[Black "Miziula, Patryk"]
[Result "0-1"]
[WhiteElo "1600"]
[BlackElo "1800"]
[PlyCount "88"]
[EventDate "2002.??.??"]
[EventType "swiss"]
[EventRounds "9"]
[EventCountry "POL"]
[SourceTitle "EXT 2007"]
[Source "ChessBase"]
[SourceDate "2006.11.23"]
[SourceVersion "1"]
[SourceVersionDate "2006.11.23"]
[SourceQuality "1"]

1. d4 Nf6 2. Nc3 d5 3. e3 c5 4. Nf3 Nc6 5. Be2 Bg4 6. 0-0 e6 7. dxc5 Bxc5 8. a3 0-0 9. b4 Bd6 10. Bb2 Rc8 11. Na2 a6 12. Rc1 b5 13. Nd4 Bxe2 14. Qxe2 Nxd4 15. Bxd4 Rc6 16. f4 Qe7 17. Nc3 Rfc8 18. Nd1 Bb8 19. Bc5 Qd7 20. c3 Ba7 21. Bd4 Bxd4 22. exd4 Ne4 23. Rf3 R8c7 24. Qd3 Qc8 25. g3 Rc4 26. Kg2 g6 27. h3 a5 28. Kf1 axb4 29. axb4 Rxb4 30. Rc2 Rbc4 31. g4 b4 32. Kg2 bxc3 33. Nf2 Nd6 34. h4 R7c6 35. Nh3 Nb5 36. f5 Nxd4 37. Rf4 Nxc2 38. Rxc4 Rxc4 39. Qxc2 Rxg4+ 40. Kf3 gxf5 41. Nf2 Rc4 42. Nd3 Qc7 43. Ke2 Rxh4 44. Qc1 Rh2+ 0-1